000 01270cam a2200217 4500
001 WB@3612-694
008 041013n2004 000 0 eng u
035 _a(Sirsi) u127688
245 _aConsultation on the future of council tax
260 _c2004
490 _aODPM News Release
_v(2004/0243) 12 October 2004 (1)
520 _aThe ODPM has launched a consultation on the future of the council tax. The Local Government Act 2003 requires the next council tax revaluation in England to take effect on 1 April 2007. As part of the preparatory work the government has considered what property information should be published as part of the new English council tax lists to help taxpayers take a view on whether the basis of their council tax band is correct. This information could include the number of rooms, bathrooms and the age of the property. The consultation document is available at: http://www.odpm.gov.uk/stellent/groups/odpm_localg ov/documents/page/odpm_locgov_030235.pdf. http://www.odpm.gov.uk/pns/displaypn.cgi?pn_id=200 4_0243
590 _aWB
590 _aWB
650 _aCOUNCIL TAX
650 _aVALUATION BANDS
650 _aLOCAL GOVERNMENT ACT 2003
650 _aCONSULTATION
690 _aRATING AND LOCAL TAXATION
942 _n0
999 _c118150
_d118150